000 01561cam a2200361 a 4500
001 4959251
005 20260115095234.0
008 970220s1989 ce ab b 001 0 eng
010 _a 96905802
025 _aC-E-96-905802; 20
040 _aDLC
_cSSBUL
_dDLC
042 _alcode
043 _aa-ce---
050 0 0 _aDS489
_b.K74 1989
082 0 0 _a954.93
_223
100 1 _aKnox, Robert,
_d1640?-1720.
_914002
245 1 3 _aAn historical relation of the island Ceylon :
_nVol II /
_cby Robert Knox ; edited with introduction & notes by J.H.O. Paulusz.
250 _aRevised, enlarged & brought to the verge of publication as the Second edition.
264 _aDehiwala :
_bTisara Prakasakayo Ltd.,
_c1989.
300 _alii, 688 pages :
_billustrations, map ;
_c23 cm.
490 1 _aThe Ceylon historical journal monograph series ;
_vv. 13-14
500 _aS-KN: Ashin Khemānanda
500 _a"Together with his autobiography and all the new chapters, paragraphs, marginal notes added by the author in the two interleaved copies of the original text of 1681."
504 _aIncludes bibliographical references and indexes.
600 1 0 _aKnox, Robert,
_d1640?-1720
_xTravel
_zSri Lanka.
_914003
651 0 _aSri Lanka
_xDescription and travel.
_913600
651 0 _aSri Lanka
_xSocial life and customs.
_99388
700 1 _aPaulusz, J. H. O.
_914004
830 0 _aCeylon historical journal monograph series ;
_vv. 13-14.
_913621
906 _a7
_bcbc
_corigode
_d3
_encip
_f19
_gy-gencatlg
942 _2ddc
_cBK
999 _c9377
_d9377